Combien de fois pouvez vous taper le clavier AZERTY en 30 secondes ? - Statistiques

Statistiques générales
  • Ce quiz a été pris 4 121 fois
  • Le résultat moyen est 70 sur 208
Statistiques - réponses
Lettres du clavierF Réponses % Correct
A A
100%
Z Z
99%
E E
98%
R R
97%
T T
96%
Y Y
95%
U U
79%
I I
78%
O O
77%
P P
77%
Q Q
75%
D D
74%
S S
74%
F F
73%
G G
73%
H H
73%
J J
72%
K K
72%
L L
72%
M M
71%
W W
70%
X X
70%
B B
69%
C C
69%
N N
69%
V V
69%
A A
67%
Z Z
67%
E E
66%
R R
65%
T T
65%
U U
64%
Y Y
64%
I I
63%
O O
63%
P P
62%
D D
61%
F F
61%
Q Q
61%
S S
61%
G G
60%
H H
60%
J J
60%
K K
59%
L L
59%
M M
58%
W W
57%
X X
57%
B B
56%
C C
56%
V V
56%
N N
55%
A A
54%
E E
53%
R R
53%
Z Z
53%
T T
52%
U U
52%
Y Y
52%
I I
51%
O O
51%
P P
50%
Q Q
49%
S S
49%
D D
48%
F F
48%
G G
47%
H H
47%
J J
46%
K K
45%
L L
45%
M M
44%
W W
43%
X X
43%
B B
42%
C C
42%
V V
42%
N N
41%
A A
40%
E E
39%
R R
39%
Z Z
39%
T T
38%
Y Y
38%
I I
37%
U U
37%
O O
36%
P P
35%
Q Q
34%
S S
34%
D D
33%
F F
33%
G G
32%
H H
32%
J J
31%
K K
30%
L L
30%
M M
29%
W W
28%
X X
28%
C C
27%
V V
27%
B B
26%
N N
26%
A A
25%
E E
24%
Z Z
24%
R R
23%
T T
23%
Y Y
23%
I I
22%
O O
22%
U U
22%
P P
21%
Q Q
20%
S S
20%
D D
19%
F F
19%
G G
19%
H H
19%
J J
19%
K K
19%
L L
18%
M M
18%
C C
17%
V V
17%
W W
17%
X X
17%
B B
16%
N N
16%
A A
15%
E E
15%
R R
15%
Z Z
15%
I I
14%
O O
14%
P P
14%
Q Q
14%
S S
14%
T T
14%
U U
14%
Y Y
14%
D D
13%
F F
13%
G G
13%
H H
13%
J J
13%
K K
13%
L L
13%
M M
13%
B B
12%
C C
12%
N N
12%
V V
12%
W W
12%
X X
12%
A A
11%
E E
11%
R R
11%
Z Z
11%
I I
10%
O O
10%
P P
10%
T T
10%
U U
10%
Y Y
10%
D D
9%
F F
9%
G G
9%
H H
9%
J J
9%
K K
9%
L L
9%
M M
9%
Q Q
9%
S S
9%
W W
8%
X X
8%
A A
7%
B B
7%
C C
7%
N N
7%
V V
7%
E E
6%
I I
6%
O O
6%
P P
6%
R R
6%
T T
6%
U U
6%
Y Y
6%
Z Z
6%
D D
5%
F F
5%
G G
5%
H H
5%
J J
5%
K K
5%
L L
5%
M M
5%
Q Q
5%
S S
5%
B B
4%
C C
4%
N N
4%
V V
4%
W W
4%
X X
4%
Aucun quiz correspondant
Distribution des résultats
% des personnes avec chaque résultat
Percentile par nombre de réponses
Votre historique - résultats
Vous n’avez pas pris ce quiz